Countries anagrams - Statistics

General Stats
  • This quiz has been taken 412 times
  • The average score is 19 of 27
Answer Stats
Hint Answer % Correct
Rain Iran
96%
Pains Spain
96%
Pure Peru
94%
Moan Oman
93%
Panel Nepal
92%
Reign Niger
91%
Enemy Yemen
89%
Tango Tonga
84%
Grey man Germany
83%
Rabies Serbia
80%
Weals Wales
80%
Old pan Poland
79%
Serial Israel
77%
Moon race Cameroon
71%
Big mule Belgium
68%
Tearier Eritrea
67%
Hot sole Lesotho
67%
Sand hour Honduras
62%
On radar Andorra
60%
Road cue Ecuador
60%
Opera sign Singapore
53%
Shed lantern Netherlands
52%
A bison Bosnia
51%
A comedian Macedonia
51%
Acrimonies Micronesia
50%
Earn giant Argentina
49%
Aneurism Suriname
47%
No matching quizzes found
Score Distribution
Percent of People with Each Score
Percentile by Number Answered
Your Score History
You have not taken this quiz